<?xml version="1.0" encoding="UTF-8"?>
<record
    xmlns:xsi="http://www.w3.org/2001/XMLSchema-instance"
    xsi:schemaLocation="http://www.loc.gov/MARC21/slim http://www.loc.gov/standards/marcxml/schema/MARC21slim.xsd"
    xmlns="http://www.loc.gov/MARC21/slim">

  <leader>02378nam a2200313 i 4500</leader>
  <controlfield tag="001">768714001</controlfield>
  <controlfield tag="003">CO-MdFUSB</controlfield>
  <controlfield tag="005">20250513155526.0</controlfield>
  <controlfield tag="007">ta</controlfield>
  <controlfield tag="008">200508t1999    us ||||| |||| 00| 0 spa d</controlfield>
  <datafield tag="020" ind1=" " ind2=" ">
    <subfield code="a">0829733515</subfield>
  </datafield>
  <datafield tag="040" ind1=" " ind2=" ">
    <subfield code="a">CO-MdFUSB</subfield>
    <subfield code="b">spa</subfield>
    <subfield code="c">CO-MdFUSB</subfield>
    <subfield code="d">CO-MdFUSBC</subfield>
    <subfield code="e">rda</subfield>
  </datafield>
  <datafield tag="041" ind1=" " ind2=" ">
    <subfield code="a">spa</subfield>
  </datafield>
  <datafield tag="082" ind1=" " ind2=" ">
    <subfield code="2">23</subfield>
    <subfield code="a">248</subfield>
    <subfield code="b">H719</subfield>
  </datafield>
  <datafield tag="100" ind1=" " ind2=" ">
    <subfield code="a">Hohstadt, Thomas</subfield>
    <subfield code="e">autor</subfield>
  </datafield>
  <datafield tag="245" ind1=" " ind2=" ">
    <subfield code="a">Morir para vivir</subfield>
    <subfield code="c">/ Thomas Hohstadt ; traducido por Orl&#xED;n M&#xE1;rquez  ; editado por Eliecer Rodriguez</subfield>
  </datafield>
  <datafield tag="264" ind1=" " ind2="1">
    <subfield code="a">Miami, Estados Unidos : </subfield>
    <subfield code="b">Vida,</subfield>
    <subfield code="c">[2001]</subfield>
  </datafield>
  <datafield tag="264" ind1=" " ind2="4">
    <subfield code="c">&#xA9;2001</subfield>
  </datafield>
  <datafield tag="300" ind1=" " ind2=" ">
    <subfield code="c">208 p&#xE1;ginas ; </subfield>
    <subfield code="a">22 cm</subfield>
  </datafield>
  <datafield tag="336" ind1=" " ind2=" ">
    <subfield code="2">rdacontent</subfield>
    <subfield code="a">texto</subfield>
    <subfield code="b">txt</subfield>
  </datafield>
  <datafield tag="337" ind1=" " ind2=" ">
    <subfield code="2">rdamedia</subfield>
    <subfield code="a">sin mediaci&#xF3;n</subfield>
    <subfield code="b">n</subfield>
  </datafield>
  <datafield tag="338" ind1=" " ind2=" ">
    <subfield code="2">rdacarrier</subfield>
    <subfield code="a">volumen</subfield>
    <subfield code="b">nc</subfield>
  </datafield>
  <datafield tag="505" ind1=" " ind2=" ">
    <subfield code="a">Introducci&#xF3;n. -- La promesa. -- El imperativo. -- Lo prof&#xE9;tico. -- El peligro. -- Conclusi&#xF3;n</subfield>
  </datafield>
  <datafield tag="520" ind1=" " ind2=" ">
    <subfield code="a">Este libro nos narra como llegamos aqu&#xED;, a donde vamos y los secretos para una transici&#xF3;n con &#xE9;xito. Quiz&#xE1; lo m&#xE1;s importante sea que nos da un panorama general de la naturaleza de Dios en un nuevo orden mundano. Este libro brinda una br&#xFA;jula que nos guiar&#xE1; a un lugar que nadie jamas ha estado. 
Este libro prepara a la iglesia para un cambio futuro. Cuenta c&#xF3;mo llegamos aqu&#xED;, hacia d&#xF3;nde vamos y los secretos para una transici&#xF3;n exitosa. Quiz&#xE1;s lo &#xFA;nico m&#xE1;s importante es que nos muestra en una visi&#xF3;n general la naturaleza de Dios desde un punto de vista diferente. Es por eso que este libro no es y 'crecimiento de la iglesia'. No habla de paradigmas del pasado. No adopta ideas del pasado como algo nuevo. Trae una br&#xFA;jula que nos guiar&#xE1; a un lugar donde nadie m&#xE1;s ha estado. Muestra una imagen de las fuerzas que gu&#xED;an a este planeta y las oportunidades para la iglesia en el nuevo milenio. Describa una nueva palabra para la nueva era ... una palabra divina para la era digital ... una imagen trascendente para un momento trascendente. Con amor y sinceridad, te mostrar&#xE1; el pasado y describir&#xE1; el "demonio digital" del futuro. y lo m&#xE1;s importante c&#xF3;mo la iglesia los va a destruir. Como cristiano devoto e instructor del Instituto de Culto Internacional, Hohstadt da un paso hacia una nueva visi&#xF3;n de la adoraci&#xF3;n a trav&#xE9;s de la creatividad de la teolog&#xED;a y las met&#xE1;foras prof&#xE9;ticas</subfield>
  </datafield>
  <datafield tag="563" ind1=" " ind2=" ">
    <subfield code="a">R&#xFA;stico</subfield>
  </datafield>
  <datafield tag="650" ind1=" " ind2="0">
    <subfield code="9">19</subfield>
    <subfield code="a">Vida cristiana</subfield>
  </datafield>
  <datafield tag="942" ind1=" " ind2=" ">
    <subfield code="c">BK</subfield>
  </datafield>
  <datafield tag="945" ind1=" " ind2=" ">
    <subfield code="a">Dani</subfield>
  </datafield>
  <datafield tag="952" ind1=" " ind2=" ">
    <subfield code="0">0</subfield>
    <subfield code="1">0</subfield>
    <subfield code="2">ddc</subfield>
    <subfield code="4">0</subfield>
    <subfield code="7">0</subfield>
    <subfield code="8">GEN</subfield>
    <subfield code="a">FUSBC</subfield>
    <subfield code="b">FUSBC</subfield>
    <subfield code="d">2020-05-08</subfield>
    <subfield code="l">0</subfield>
    <subfield code="o">G 248 H719m</subfield>
    <subfield code="p">2210</subfield>
    <subfield code="r">2020-05-08 00:00:00</subfield>
    <subfield code="t">Ej.1</subfield>
    <subfield code="w">2020-05-08</subfield>
    <subfield code="y">BK</subfield>
    <subfield code="k">4</subfield>
    <subfield code="I">INV2023</subfield>
  </datafield>
  <datafield tag="999" ind1=" " ind2=" ">
    <subfield code="c">65855</subfield>
    <subfield code="d">65855</subfield>
  </datafield>
</record>
